Score 0/19 Timer 02:00
0 Plays Today
Hint Word % Correct
AchePAIN
95.2%
Abel's brotherCAIN
95%
TokenCOIN
94.8%
MaizeCORN
94.3%
• Frigid •• COLD •
93.5%
RopeCORD
88.6%
CompensatedPAID
88.4%
It's money, proverbiallyTIME
87.3%
Thin coinDIME
81.2%
StoryTALE
77.5%
Hint Word % Correct
Female knightDAME
76.1%
SubdueTAME
74.2%
• 'Ring of Fire' singer •• CASH •
56.8%
ChallengeDARE
53.1%
• Unyielding •• HARD •
39%
Country songwriter J.J. ____CALE
39%
CartonCASE
38.1%
Cowboy's cohort?PARD
37.6%
ConeyHARE
30.8%

Today's Daily Dose

Missing Word
'T' Pairs

Word Ladder
Game Pieces

Get the Picture
Baseball Movies

Remove Ads.
Support Sporcle.
Get the best of Sporcle when you Go Orange. This ad-free experience offers more features, more stats, and more fun while also helping to support Sporcle. Thank you for becoming a member.

You're not logged in!

Compare scores with friends on all Sporcle quizzes.
OR
Log In

Show Comments

Extras

Top Quizzes Today


Score Distribution

Your Account Isn't Verified!

In order to create a playlist on Sporcle, you need to verify the email address you used during registration. Go to your Sporcle Settings to finish the process.

Report this User

Report this user for behavior that violates our Community Guidelines.

Details: